मंदिर के द्वार पर / (Record no. 116510)

MARC details
000 -LEADER
fixed length control field 01169nam a22002657a 4500
005 - DATE AND TIME OF LATEST TRANSACTION
control field 20170124103040.0
010 ## - LIBRARY OF CONGRESS CONTROL NUMBER
LC control number A-706231
020 ## - INTERNATIONAL STANDARD BOOK NUMBER
Terms of availability 50.00
035 ## - SYSTEM CONTROL NUMBER
System control number A-706231
037 ## - SOURCE OF ACQUISITION
Source of stock number/acquisition Cen Lib/Ret
040 ## - CATALOGING SOURCE
Original cataloging agency DPL
Language of cataloging HN
082 ## - DEWEY DECIMAL CLASSIFICATION NUMBER
Classification number
Item number जिब्रान
100 ## - MAIN ENTRY--PERSONAL NAME
Personal name जिब्रान, खलील
9 (RLIN) 66908
245 ## - TITLE STATEMENT
Title मंदिर के द्वार पर /
Statement of responsibility, etc खलील जिब्रान ; अनुवादक नरेन्द्र शर्मा
246 ## - VARYING FORM OF TITLE
Title proper/short title Mandir ke dvar par /
Remainder of title by Kaleel Jibraan ; anuvadak Narendra Sharma
260 ## - PUBLICATION, DISTRIBUTION, ETC. (IMPRINT)
Place of publication, distribution, etc दिल्ली
Name of publisher, distributor, etc साहित्य प्रचारक
Date of publication, distribution, etc 1994
270 ## - ADDRESS
City दिल्ली
Address 3014, वल्लिमारान
Postal code 110006
300 ## - PHYSICAL DESCRIPTION
Extent 120पृ.
Dimensions 16सेमी (सजिल्द)
650 ## - SUBJECT ADDED ENTRY--TOPICAL TERM
Topical term or geographic name as entry element हिन्दी साहित्य
9 (RLIN) 66909
650 ## - SUBJECT ADDED ENTRY--TOPICAL TERM
Topical term or geographic name as entry element हिन्दी साहित्य
General subdivision कहानियां
9 (RLIN) 63853
650 ## - SUBJECT ADDED ENTRY--TOPICAL TERM
Topical term or geographic name as entry element Hindi Literature
9 (RLIN) 66910
650 ## - SUBJECT ADDED ENTRY--TOPICAL TERM
Topical term or geographic name as entry element Hindi Literature
General subdivision stories
9 (RLIN) 66911
700 ## - ADDED ENTRY--PERSONAL NAME
Personal name शर्मा, नरेन्द्र
9 (RLIN) 66912
942 ## - ADDED ENTRY ELEMENTS (KOHA)
Source of classification or shelving scheme Dewey Decimal Classification
Koha item type Hindi Books
Classification part
Call number suffix जिब्रान
Holdings
Withdrawn status Lost status Damaged status Not for loan Home library Current library Date acquired Source of acquisition Cost, normal purchase price Total Checkouts Full call number Barcode Date last seen Copy number Cost, replacement price Price effective from Koha item type Public note
Written off       Central Library Central Library 24/08/2015 Cen Lib/Ref 50.00   क जिब्रान A-706231 24/08/2015 1 50.00 24/08/2015 Hindi Books Written off on approval by DLB (By Circulation); dtd 20.12.2022

© Delhi Public Library
Hit Counter
free hit counter